Pôsobenie OSN v Somálsku bakalárska práca

Gespeichert in:
Bibliographische Detailangaben
1. Verfasser: Jakabová, Romana
Körperschaft: Fakulta medzinárodných vzťahov EU. Katedra medzinárodných ekonomických vzťahov a hospodárskej diplomacie
Weitere Verfasser: Pajtinka, Viliam
Format: Buch
Sprache:Slowakisch
Veröffentlicht: Bratislava 2013
Tags: Tag hinzufügen
Keine Tags, Fügen Sie das erste Tag hinzu!

MARC

LEADER 00000nbm a2200000 4500
001 0172736
005 20161109112114.3
041 0 |a slo 
044 |a SK 
245 1 0 |a Pôsobenie OSN v Somálsku  |b bakalárska práca  |c Romana Jakabová ; školiteľ: Viliam Pajtinka 
264 1 |a Bratislava  |c 2013 
300 |a 57 s. 
100 1 |a Jakabová, Romana 
700 1 |a Pajtinka, Viliam 
710 2 |a Fakulta medzinárodných vzťahov EU. Katedra medzinárodných ekonomických vzťahov a hospodárskej diplomacie